000 00312cam a2200157ua 4500
001 1238
008 191009n II |||gr||||Z||||||asm
040 _aMAIN
041 _aEnglish
082 _a891.453 TAK
100 _aTAKI, TANGA.
245 _aADI SADHU
300 _c18CM.
653 _aGalpa
942 _cBK
999 _c1237
_d1237